Ancient writing and its influence / (Record no. 124)

000 -LEADER
fixed length control field 01315cam a2200361 a 4500
001 - CONTROL NUMBER
control field 3268306
003 - CONTROL NUMBER IDENTIFIER
control field OSt
005 - DATE AND TIME OF LATEST TRANSACTION
control field 20210416053957.0
008 - FIXED-LENGTH DATA ELEMENTS--GENERAL INFORMATION
fixed length control field 820715r19801969oncaf b 000 0 eng
010 ## - LIBRARY OF CONGRESS CONTROL NUMBER
LC control number 81166366
015 ## - NATIONAL BIBLIOGRAPHY NUMBER
National bibliography number C***
020 ## - INTERNATIONAL STANDARD BOOK NUMBER
International Standard Book Number 0802064353 (pbk.)
040 ## - CATALOGING SOURCE
Original cataloging agency DLC
Transcribing agency DLC
Modifying agency DLC
050 00 - LIBRARY OF CONGRESS CALL NUMBER
Classification number Z105
Item number .U4 1980
080 ## - UNIVERSAL DECIMAL CLASSIFICATION NUMBER
Universal Decimal Classification number 811
Item number U-38
082 00 - DEWEY DECIMAL CLASSIFICATION NUMBER
Classification number 411/.7
Edition number 19
100 1# - MAIN ENTRY--PERSONAL NAME
Personal name Ullman, B. L.
Fuller form of name (Berthold Louis),
Dates associated with a name 1882-1965.
245 10 - TITLE STATEMENT
Title Ancient writing and its influence /
Statement of responsibility, etc. B.L. Ullman ; introduction by Julian Brown.
260 ## - PUBLICATION, DISTRIBUTION, ETC.
Place of publication, distribution, etc. Toronto ;
-- Buffalo :
Name of publisher, distributor, etc. University of Toronto Press in association with the Medieval Academy of America,
Date of publication, distribution, etc. c1980.
300 ## - PHYSICAL DESCRIPTION
Extent xviii, 240 p., [16] p. of plates :
Other physical details ill. ;
Dimensions 21 cm.
440 #0 - SERIES STATEMENT/ADDED ENTRY--TITLE
Title Medieval Academy reprints for teaching ;
Volume/sequential designation 10
500 ## - GENERAL NOTE
General note "Originally published by Longmans, Green and Co., New York 1932 ... This edition reprinted from the 1969 edition"--T.p. verso.
504 ## - BIBLIOGRAPHY, ETC. NOTE
Bibliography, etc. note Bibliography: p. 231-240.
650 #0 - SUBJECT ADDED ENTRY--TOPICAL TERM
Topical term or geographic name entry element Paleography.
650 #0 - SUBJECT ADDED ENTRY--TOPICAL TERM
Topical term or geographic name entry element Alphabet.
650 #0 - SUBJECT ADDED ENTRY--TOPICAL TERM
Topical term or geographic name entry element Linguistics
9 (RLIN) 445
650 #0 - SUBJECT ADDED ENTRY--TOPICAL TERM
Topical term or geographic name entry element Writing
General subdivision History.
653 ## - INDEX TERM--UNCONTROLLED
Uncontrolled term ლინგვისტიკა
653 ## - INDEX TERM--UNCONTROLLED
Uncontrolled term დამწერლობა
700 1# - ADDED ENTRY--PERSONAL NAME
Personal name Brown, T. Julian
Fuller form of name (Thomas Julian)
906 ## - LOCAL DATA ELEMENT F, LDF (RLIN)
a 7
b cbc
c orignew
d 3
e ncip
f 19
g y-gencatlg
942 ## - ADDED ENTRY ELEMENTS (KOHA)
Source of classification or shelving scheme
Koha item type Books
Holdings
Withdrawn status Lost status Source of classification or shelving scheme Damaged status Not for loan Permanent location Current location Date acquired Inventory number Full call number Barcode Date last seen Price effective from Koha item type Total Checkouts
          Ken Walker International University Ken Walker International University 11/11/2020 319 811 U-38 319 11/11/2020 11/11/2020 Books  
          Ken Walker International University Ken Walker International University 01/21/2021 2402 811 U-38 2402 01/21/2021 01/21/2021 Books  

Powered by Koha